header

Bioprocessing technologies in biorefinery for sustainable production of fuels, chemicals, and polymers (Record no. 40226)

MARC details
000 -LEADER
fixed length control field 01417nam a2200349Ia 4500
082 04 - DEWEY DECIMAL CLASSIFICATION NUMBER
Classification number 660.6/3
245 00 - TITLE STATEMENT
Title Bioprocessing technologies in biorefinery for sustainable production of fuels, chemicals, and polymers
260 ## - PUBLICATION, DISTRIBUTION, ETC. (IMPRINT)
Place of publication Hoboken, NJ :
Name of publisher AIChE :
-- John Wiley & Sons, Inc.,
Year of publication 2013.
300 ## - PHYSICAL DESCRIPTION
Number of Pages xxi, 465 p.
650 #0 - SUBJECT ADDED ENTRY--TOPICAL TERM
Topical Term Biochemical engineering.
Topical Term Microbiological synthesis.
Topical Term Sustainable engineering.
700 1# - ADDED ENTRY--PERSONAL NAME
Personal name Yang, Shang-Tian.
Personal name El Enshasy, Hesham.
Personal name Thongchul, Nuttha.
856 40 - ELECTRONIC LOCATION AND ACCESS
Uniform Resource Identifier http://site.ebrary.com/lib/rucke/Doc?id=10716210

No items available.

© 2026 Rongo University
Contact us: librarian | system librarian | Rongo university